000 02306nam a2200385 i 4500
001 193193
003 SpMaBN
005 20250630060301.0
007 ta
008 231002s2021 sp | |||| 000 f spa
015 _aMON21
017 _aB 2617-2021
_bOficina Depósito Legal Barcelona
020 _a9788401025761
035 _aa6920101
040 _aSpMaBN
_bspa
_cSpMaBN
_erda
_dES-MaACL
080 _a821.134.2-31"19"
100 1 _aVallina, Alicia,
_d1976-
_eaut
_9234272
245 1 0 _aHija del mar /
_cAlicia Vallina
250 _aPrimera edición: abril de 2021
264 1 _a[Barcelona] :
_bPlaza Janés,
_c2021
300 _a360 páginas :
_bilustraciones ;
_c24 cm
336 _aTexto
_2rdacontent
337 _asin mediación
_2rdamedia
338 _avolumen
_2rdacarrier
520 _aSiglo XVIII. La cordobesa Ana María de Soto huye de un matrimonio impuesto con la intención de comenzar una aventura jamás iniciada por una mujer: la de hacerse pasar por varón para alistarse en la Armada Española. Cumple, así, su sueño de recorrer el mundo y de enfrentarse a valerosos e intrépidos enemigos. En su viaje, Ana María no solo conocerá el éxtasis y el dolor del primer amor, sino también tendrá que hacer gala de toda su valentía y arrojo para sobrevivir en un mundo de hombres, donde cada paso en falso puede suponer para ella el mayor de los desastres. Durante sus aventuras en la mar, descubrirá el valor de la amistad y el honor, pero también la violencia, el miedo y la traición. Una novela apasionante y emotiva que nos descubrirá a una de las heroínas más intrigantes de la historia de España. Una mujer única en su tiempo que vivió con la valentía de quien no se entrega a un destino establecido.
600 1 0 _9234333
_aSoto Alhama, Ana María Antonia de,
_d1775-1833
655 7 _aNovelas históricas
_2tgfbne
_9226782
852 _aES_MaACL
_bR.154601
_9200572
_jN-9360
_cDEPOJ
_xEncuadernación cartoné con sobrecubiertas
_hDonación: Alicia Vallina
903 _aVallina, Alicia,
_d1976-
_ednr
_9234272
942 _n0
_cMONOGRAFIA
999 _c193193
_d193193